| 000 | 02425nam a2200325 i 4500 | ||
|---|---|---|---|
| 001 | 000022278 | ||
| 003 | DO-SdBNP | ||
| 005 | 20240919131140.0 | ||
| 007 | ta | ||
| 008 | 100921s2006 dr ac 001 0bspa d | ||
| 020 | _z9993479470 | ||
| 040 |
_aDO-SdBNP _bspa _cBNPHU _erda |
||
| 049 | _aBNPD | ||
| 082 | 4 |
_a923.17293 _bT866r _222 |
|
| 100 | 1 |
_aRomero, Lino A., _d1930- _918245 _eautor |
|
| 245 | 1 | 0 |
_aTrujillo : _bel hombre y su personalidad / _cLino A. Romero. |
| 264 |
_aSanto Domingo : _bBúho _c2006. |
||
| 300 |
_a461 páginas : _bilustraciones, retratos ; _c23 cm. |
||
| 336 |
_2rdacontent _atexto _btxt |
||
| 337 |
_2rdamedia _asin mediación _bn |
||
| 338 |
_2rdacarrier _avolumen _bnc |
||
| 500 | _aIncluye referencias bibliográficas y notas al pie de las páginas | ||
| 504 | _aBibliografía : p. 452-460 | ||
| 505 | 2 | _aNota del autor -- Introducción -- Análisis del panegírico ante los restos del generalísimo Trujillo -- Rafael Leónidas Trujillo Molina-- Los hermanos Trujillo -- La casa de caoba en la Hacienda Fundación -- La iglesia de San Cristóbal -- El poder: un enfoque psicoanalítico -- La política económica de la República Dominicana durante la era trujillista -- Cartas enviadas al Generalísimo Trujillo /Don Américo Lugo -- Guerra enviada por el Generalísimo Trujillo al señor Gilberto Sánchez Lustrino -- Enrique Blanco : psicodinámica de su comportamiento -- La matanza haitiana -- Asentamientos de inmigrantes en la República Dominicana -- Invaciones a la República Dominicana por exiliados políticos -- Tres acontecimientos de trascendencia política ocurrido en Santiago --El asesinato de las hermanas Mirabal -- La iglesia -- El atentado en contra del presidente Rómulo Betancourt -- El asesinato de Jesús María de Galínder -- Casas de Trujillo -- Trujillo como miembro de la Academia Dominicana de la Lengua y correspondiente de la Real Academia Española -- Entrevistas con personas que trabajaron junto al Generalísimo Trujillo -- Mecanismos de defensa psicológicos -- Estudios analítico sobre el libro titulado Trujillo visto por un psiquiatra del doctor José Miguel Gómez -- Epílogo. | |
| 590 | _aInventariado, 2023/BT | ||
| 600 |
_aTrujillo Molina, Rafael Leónidas, _d1891-1961 |
||
| 651 | 4 |
_aRepública Dominicana _xCondiciones económicas _yEra de Trujillo, 1930-1961 _946029 |
|
| 910 | _aValidado. Control de calidad. MMOLINA | ||
| 942 |
_2ddc _cLBS1 |
||
| 999 |
_c21776 _d21776 |
||